000 01026nam a22002537a 4500
003 dpl
005 20240902170427.0
008 231221b |||||||| |||| 00| 0 eng d
010 _aENG-141557
020 _a9788119798544
_c499.00
035 _aEN-125089
037 _bDBAD
040 _c0
082 _a320.4
100 _970408
245 _aThe Making of a Global Bharat/
_cEdited By Harsh V Pant [and] Sameer Patil
260 _aNew Delhi
_bHar Anand Publications Pvy Ltd
_c2024
270 _aE-49/3, Okhla Industrial Area, Phase-II
_bNew Delhi
_e110020
_cNew Delhi
_dIndia
_k011-41603490
_l011-41708607
_minfo@haranandpublications.com
300 _a129p.
_c22cm(hb)
700 _aPant , Harsh V
_eEditor
_970845
700 _aPatil, Sameer
_eEditor
_970846
942 _2ddc
_cEN
_h320.4
_mMAK
999 _c205465
_d205465